000
00288nam a22000977a 4500
005
20250901165544.0
008
210809b |||||||| |||| 00| 0 eng d
050
_a
KD2079.3 .R67 2004
245
_a
Company law in a nutshell
_c
Rose, Francis
942
_2
lcc
_h
KD2079.3 .R67 2004
999
_c
5796
_d
5796